000 00711cam a2200229 i 4500
001 2214762
005 20170619150142.0
008 750310s1973 sj b 000 0 eng
010 _a 74980041
020 _c£S1.40
040 _aDLC
_cDLC
_dDLC
043 _af-sj---
050 0 0 _aDT108.7
_b.D46
082 0 0 _a320.9/624/04
100 1 _aDeng, Francis Mading,
_d1938-
245 1 0 _aDynamics of identification :
_ba basis for national integration in the Sudan /
_cby Francis Mading Deng.
260 _aKhartoum :
_bKhartoum University Press,
_c1973.
300 _axi, 109 p. ;
_c22 cm.
651 0 _aSudan
_xPolitics and government.
906 _a7
_bcbc
_corignew
_d4
_encip
_f19
_gy-gencatlg
942 _2ddc
999 _c63827
_d63801